MARC

LEADER 00000nam0a2200000 4500
001 265900
005 20260210170317.0
035 |a (RuTPU)RU\TPU\book\288902 
090 |a 265900 
100 |a 20140701d1986 k y0rusy50 ca 
101 0 |a rus 
102 |a RU 
105 |a y z 000zy 
200 1 |a Армия и флот России в начале ХХ в. Очерки военно-экономического потенциала  |f Л. Г. Бескровный  |g Академия наук СССР (АН СССР), Институт истории СССР ; под ред. А. Л. Нарочницкого 
210 |a Москва  |c Наука  |d 1986 
215 |a 238 с. 
606 1 |a Военное искусство  |x Русское  |z 19 век  |2 stltpush  |3 (RuTPU)RU\TPU\subj\38261  |9 58914 
606 |a Армия русская  |x История  |z 1885-1917  |9 81989 
610 1 |a военно-морской флот 
610 1 |a Россия 
610 1 |a 20 век 
610 1 |a военный потенциал 
610 1 |a экономический потенциал 
610 1 |a управление 
610 1 |a состав 
610 1 |a боевая подготовка 
610 1 |a обеспечение 
610 1 |a боеприпасы 
610 1 |a транспорт 
610 1 |a связь 
610 1 |a тыл 
610 1 |a снабжение 
686 |a Ц35(2)  |2 rubbk 
686 |a Т3(2)53  |2 rubbk 
700 1 |a Бескровный  |b Л. Г.  |g Любомир Григорьевич 
702 1 |a Нарочницкий  |b А. Л.  |4 340 
712 0 2 |a Академия наук СССР (АН СССР)  |b Институт истории СССР  |c (1968-1991)  |c (Москва)  |3 (RuTPU)RU\TPU\col\11069 
801 1 |a RU  |b 63413507  |c 20140701 
801 2 |a RU  |b 63413507  |c 20170214  |g RCR 
942 |c BK